| 000 | 00993nam a2200265 i 4500 | ||
|---|---|---|---|
| 001 | bg | ||
| 003 | BPK | ||
| 005 | 20221006100148.0 | ||
| 008 | 050114s2005 pl |000 0 pol | ||
| 015 | _aPB 2005/967 | ||
| 020 | _a8373343490 | ||
| 040 |
_aWA N _cBPK |
||
| 041 | 0 | _apol | |
| 080 | _a347.62(438) | ||
| 100 | 1 |
_aSkowrońska-Bocian, Elżbieta _d(1948- ). |
|
| 245 | 1 | 0 |
_aRozliczenia majątkowe małżonków w stosunkach wzajemnych i wobec osób trzecich / _cElżbieta Skowrońska-Bocian. |
| 250 | _aWyd. 3, stan prawny na dzień 17 czerwca 2004 r. | ||
| 260 |
_aWarszawa : _bWydaw. Prawnicze "LexisNexis", _c2005. |
||
| 300 |
_a236, [4] s. ; _c21 cm. |
||
| 650 | 4 |
_aMałżeństwo _xfinanse _xprawo _zPolska. |
|
| 650 | 4 |
_aUstrój majątkowy małżeński _zPolska. |
|
| 710 | 2 |
_aWydawnictwo Prawnicze LexisNexis _4pbl. |
|
| 856 |
_uhttp://koha.tu.koszalin.pl/cgi-bin/koha/opac-detail.pl?biblionumber=46740 _yKatalog online BPK |
||
| 942 |
_2UKD _cKS |
||
| 999 |
_c46740 _d46740 |
||